000 00558nam a2200205Ia 4500
003 LDD
008 181029s9999 xx 000 0 und d
020 _a8184481101
_c195.00
040 _cLDD
100 _aGupta, LC
245 0 _aPractical Nursing Procedures
_cLC Gupta
250 _a3ed.
260 _aNew Delhi
_bJaypee Brothers
_c2006
300 _a551p.
365 _b195.00
901 _a4222
_b05-02-2008
902 _a122/KBC/2007-08
_b15-02-2008
_cF
_dKBC
_e61
903 _aDiscount-15
_bReqst by : Bimla Kapoor
942 _2ddc
_cBK
999 _c80079
_d80079